Sports Quiz

Random Sports or MLB Quiz

Diamondbacks Postseason Award Winners Quiz Stats

 Plays Quiz not verified by Sporcle

Challenge
Share
Tweet
Embed
Score 0/19 Timer 04:00
0 Plays Today
Hint Answer % Correct
MVPnone
100%
Rookie of the Yearnone
100%
Cy YoungRandy Johnson
94.6%
Gold GlovePaul Goldschmidt
92.3%
Silver SluggerPaul Goldschmidt
92.3%
Silver SluggerLuis Gonzalez
91.5%
Cy YoungBrandon Webb
90%
Silver SluggerJustin Upton
68.5%
Gold GloveSteve Finley
66.9%
Gold GloveZack Greinke
61.5%
Hint Answer % Correct
Manager of the YearKirk Gibson
57.7%
Gold GloveA J Pollock
54.6%
Silver SluggerMicah Owings
45.4%
Silver SluggerAaron Hill
45.4%
Gold GloveOrlando Hudson
41.5%
Silver SluggerDaniel Hudson
41.5%
Manager of the YearTorey Lovullo
31.3%
Manager of the YearBob Melvin
30%
Gold GloveGerardo Parra
29.2%

You're not logged in!

Compare scores with friends on all Sporcle quizzes.
OR
Log In

You Might Also Like...

Show Comments

Extras

Top Quizzes Today


Score Distribution

Your Account Isn't Verified!

In order to create a playlist on Sporcle, you need to verify the email address you used during registration. Go to your Sporcle Settings to finish the process.

Report this User

Report this user for behavior that violates our Community Guidelines.

Details: